| 000 -LEADER |
| fixed length control field |
00666nam a22001817a 4500 |
| 020 ## - INTERNATIONAL STANDARD BOOK NUMBER |
| ISBN |
9781032100289 |
| 082 ## - DEWEY DECIMAL CLASSIFICATION NUMBER |
| Classification number |
614.15 |
| Item number |
F67 2022 |
| 245 ## - TITLE STATEMENT |
| Title |
Forensic psychology and neuropsychology for criminal and civil cases / edited by Harold V. Hall, Joseph G. Poirer. |
| 250 ## - EDITION STATEMENT |
| Edition statement |
Second Edition |
| 260 ## - PUBLICATION, DISTRIBUTION, ETC. (IMPRINT) |
| Place of publication |
Boca Raton ; Oxon, OX : |
| Name of publisher |
CRC Press, |
| Year of publication |
© 2022. |
| 300 ## - PHYSICAL DESCRIPTION |
| Number of Pages |
1 online resource, xxi, 897 pages : |
| Other physical details |
illustrations. |
| 490 ## - SERIES STATEMENT |
| Series statement |
Pacific Institute Series on Forensic Psychology |
| 500 ## - GENERAL NOTE |
| General note |
Includes index. |
| 650 ## - SUBJECT ADDED ENTRY--TOPICAL TERM |
| Topical Term |
Forensic psychology. |
| 700 ## - ADDED ENTRY--PERSONAL NAME |
| Personal name |
Hall Harold V., editor. |
| 700 ## - ADDED ENTRY--PERSONAL NAME |
| Personal name |
Poirier, Joseph G., editor. |
| 942 ## - ADDED ENTRY ELEMENTS (KOHA) |
| Koha item type |
Electronic Books |